MARC

LEADER 00000nam0a2200000 4500
001 360514
005 20231102011308.0
035 |a (RuTPU)RU\TPU\retro\17840 
090 |a 360514 
100 |a 20210413d1975 m y0rusy50 ca 
101 1 |a fre  |c rus 
102 |a RU 
105 |a a g 001zy 
200 1 |a Справочник по физике для студентов вузов и инженеров  |d Aide-memoire de physique a l'usage des eleves de l'Enseignement superieur scientifique et technique  |f Б. М. Яворский, А. А. Детлаф  |g пер. с рус. С. Дер-Мегредичяна 
210 |a Москва  |c Мир  |d 1975 
215 |a 963 с.  |c ил. 
300 |a На французском языке 
320 |a Указ.: с. 939-963 
510 1 |a Aide-memoire de physique a l'usage des eleves de l'Enseignement superieur scientifique et technique  |z fre 
606 1 |a Физика  |2 stltpush  |3 (RuTPU)RU\TPU\subj\63709  |9 80688 
610 1 |a справочники 
610 1 |a классическая механика 
610 1 |a термодинамика 
610 1 |a молекулярная физика 
610 1 |a гидроаэродинамика 
610 1 |a электричество 
610 1 |a магнетизм 
610 1 |a волновые процессы 
610 1 |a атомная физика 
610 1 |a ядерная физика 
610 1 |a французский язык 
675 |a 53(035)  |v 4 
700 1 |a Яворский  |b Б. М.  |g Борис Михайлович 
701 1 |a Детлаф  |b А. А.  |g Андрей Антонович 
702 1 |a Дер-Мегредичян  |b С.  |4 730 
801 1 |a RU  |b 63413507  |c 20210413 
801 2 |a RU  |b 63413507  |c 20210524  |g RCR 
942 |c BK